Athlètes Olympiques français de A à Z (par images) - Statistiques

Statistiques générales
  • Ce quiz a été pris 147 fois
    141 depuis la dernière actualisation
  • Le résultat moyen est 14 sur 26
Statistiques - réponses
Par images Hint Réponse % Correct
M Léon Marchand
97%
R Teddy Riner
93%
K Nikola Karabatic
91%
F Martin Fourcade
86%
D David Douillet
82%
L Renaud Lavillenie
82%
W Victor Wembanyama
81%
T Jo-Wilfried Tsonga
80%
E Tony Estanguet
80%
G Richard Gasquet
76%
P Marie-José Pérec
74%
C Philippe Candeloro
70%
A Clarisse Agbegnenou
61%
Y Tony Yoka
61%
O Thierry Omeyer
55%
B Cassandre Beaugrand
45%
N Clément Noël
43%
V Kauli Vaast
39%
S Cyréna Samba-Mayela
32%
Z Ryan Zézé
26%
H Azeddine Habz
20%
X Daniel Xuereb
12%
Q Pierre Quinon
7%
J Gémima Joseph
5%
I Shannon Izar
5%
U Jade Ulutule
4%
Aucun quiz correspondant
Distribution des résultats
% des personnes avec chaque résultat
Percentile par nombre de réponses
Votre historique - résultats
Vous n’avez pas pris ce quiz depuis la dernière actualisation